header

Variational methods for potential operator equations (Record no. 104101)

MARC details
000 -LEADER
fixed length control field 01439nam a2200349 a 4500
082 04 - DEWEY DECIMAL CLASSIFICATION NUMBER
Classification number 515/.64
100 1# - MAIN ENTRY--AUTHOR NAME
Personal name Chabrowski, Jan,
245 10 - TITLE STATEMENT
Title Variational methods for potential operator equations
260 ## - PUBLICATION, DISTRIBUTION, ETC. (IMPRINT)
Place of publication New York :
Name of publisher Walter de Gruyter,
Year of publication 1997.
300 ## - PHYSICAL DESCRIPTION
Number of Pages ix, 290 p.
650 #0 - SUBJECT ADDED ENTRY--TOPICAL TERM
Topical Term Calculus of variations.
Topical Term Differential equations, Elliptic
Topical Term Differential equations, Nonlinear
856 40 - ELECTRONIC LOCATION AND ACCESS
Uniform Resource Identifier http://site.ebrary.com/lib/rucke/Doc?id=10588526

No items available.

© 2026 Rongo University
Contact us: librarian | system librarian | Rongo university